000 00371nam a22001577a 4500
005 20251108172400.0
008 250721s1983 xx 000 0 eng d
082 1 4 _aJ/F/PEY
100 1 _aPeyo,
245 1 0 _aWhat do Smurfs do all Day /
264 1 _aNew York :
_bBegimner Books,
_c1983.
300 _aill
650 1 7 _aFiction
942 _2ddc
_cBK
999 _c77825
_d77825